000
00357nam a2200157Ia 4500
008
221030s9999 xx 000 0 und d
020
_a
0070534772
041
_a
English
082
_a
105.23
_b
Bal
100
_a
E. Balagurusamy
245
0
_a
Progamming in ANSI C
260
_b
TMH
_a
New Delhi
_c
2004
300
_a
493
650
_a
Computers
942
_c
BK
999
_c
1439
_d
1439